The scent of love / (Record no. 3044)

MARC details
000 -LEADER
fixed length control field 00831cam a2200277 a 4500
001 - CONTROL NUMBER
control field 3768370
003 - CONTROL NUMBER IDENTIFIER
control field GBCCL
005 - DATE AND TIME OF LATEST TRANSACTION
control field 20241126110445.0
008 - FIXED-LENGTH DATA ELEMENTS--GENERAL INFORMATION
fixed length control field 830603s1983 txu 000 0 eng
010 ## -
-- 83010220
020 ## - INTERNATIONAL STANDARD BOOK NUMBER
International Standard Book Number 0849903319 :
Terms of availability $10.95
040 ## - CATALOGING SOURCE
Original cataloging agency DLC
Transcribing agency DLC
Modifying agency DLC
050 00 -
-- BV4501.2
-- .M4799 1983
082 00 - DEWEY DECIMAL CLASSIFICATION NUMBER
Classification number 248.483
Edition information 19
Item number MIL
100 1# - MAIN ENTRY--PERSONAL NAME
Personal name Miller, Keith.
9 (RLIN) 6318
245 14 - TITLE STATEMENT
Title The scent of love /
Statement of responsibility, etc. Keith Miller.
260 ## - PUBLICATION, DISTRIBUTION, ETC.
Place of publication, distribution, etc. Waco, Tex. :
Name of publisher, distributor, etc. Word Books,
Date of publication, distribution, etc. 1983.
300 ## - PHYSICAL DESCRIPTION
Extent 252 p. ;
Dimensions 22 cm.
600 10 - SUBJECT ADDED ENTRY--PERSONAL NAME
Personal name Miller, Keith.
9 (RLIN) 6318
650 #0 - SUBJECT ADDED ENTRY--TOPICAL TERM
Topical term or geographic name entry element Christian life
General subdivision Anglican authors.
9 (RLIN) 3120
650 #0 - SUBJECT ADDED ENTRY--TOPICAL TERM
Topical term or geographic name entry element Conversion
General subdivision Christianity.
9 (RLIN) 888
650 #0 - SUBJECT ADDED ENTRY--TOPICAL TERM
Topical term or geographic name entry element Evangelistic work.
9 (RLIN) 290
650 #0 - SUBJECT ADDED ENTRY--TOPICAL TERM
Topical term or geographic name entry element Love
General subdivision Religious aspects
-- Christianity.
9 (RLIN) 141
906 ## - LOCAL DATA ELEMENT F, LDF (RLIN)
a 7
b cbc
c orignew
d 1
e ocip
f 19
g y-gencatlg
942 ## - ADDED ENTRY ELEMENTS (KOHA)
Source of classification or shelving scheme Dewey Decimal Classification
Koha item type Books
Holdings
Withdrawn status Lost status Source of classification or shelving scheme Damaged status Not for loan Home library Current Library Shelving location Date acquired Total checkouts Full call number Barcode Date last seen Copy number Price effective from Koha item type
    Dewey Decimal Classification     GRACE BIBLE COLLEGE GRACE BIBLE COLLEGE Ministry & Mission 2017-10-16   248.483 MIL 007266 2025-05-01 c.1 2017-10-16 Books
© Grace Bible College Library 2025